100 Most Streamed Songs of the 2010’s - Statistics

General Stats
  • This quiz has been taken 43 times
  • The average score is 42 of 100
Answer Stats
Hint Answer % Correct
Ed Sheeran Shape of You
82%
The Weeknd Blinding Lights
79%
The Chainsmokers, Halsey Closer
79%
Hozier Take Me To Church
76%
Tones And I Dance Monkey
73%
Shawn Mendes, Camila Cabello Señorita
73%
The Kid LAROI, Justin Bieber Stay
73%
Harry Styles Watermelon Sugar
73%
Billie Eilish bad guy
70%
Imagine Dragons Believer
70%
Ed Sheeran Perfect
67%
Post Malone, Swae Lee Sunflower
67%
OneRepublic Counting Stars
64%
Lewis Capaldi Someone You Loved
64%
Mark Ronson, Bruno Mars Uptown Funk
64%
John Legend All of Me
61%
Lady Gaga, Bradley Cooper Shallow
61%
The Weeknd Starboy
61%
Post Malone Circles
58%
Billie Eilish, Khalid lovely
58%
Imagine Dragons Radioactive
58%
Maroon 5 Sugar
58%
Lukas Graham 7 Years
55%
Vance Joy Riptide
55%
Justin Bieber Sorry
55%
Shawn Mendes Stitches
55%
Drake God’s Plan
52%
Passenger Let Her Go
52%
Tyler, the Creator, Kali Uchis | Wiz Khalifa, Charlie Puth See You Again
52%
Ariana Grande 7 rings
48%
Taylor Swift Blank Space
48%
Marshmello, Bastille Happier
48%
Camila Cabello, Young Thug Havana
48%
Justin Bieber Love Yourself
48%
Juice WRLD Lucid Dreams
48%
Maroon 5, Wiz Khalifa Payphone
48%
Post Malone, 21 Savage rockstar
48%
XXXTENTACION SAD!
48%
Imagine Dragons Thunder
48%
Tom Odell Another Love
45%
Calvin Harris, Dua Lipa One Kiss
45%
Twenty One Pilots Stressed Out
45%
The Neighbourhood Sweater Weather
45%
Ed Sheeran Thinking Out Loud
45%
Macklemore & Ryan Lewis, Ray Dalton Can’t Hold Us
42%
Bruno Mars Just the Way You Are
42%
Drake, Wizkid, Kyla One Dance
42%
The Chainsmokers, Coldplay Something Just Like This
42%
Sam Smith Stay with Me
42%
The Weeknd The Hills
42%
Ed Sheeran Photograph
39%
Adele Rolling in the Deep
39%
Adele Someone Like You
39%
Roddy Ricch The Box
39%
Shawn Mendes Treat You Better
39%
Charlie Puth, Selena Gomez We Don’t Talk Anymore
39%
Imagine Dragons Demons
36%
Kendrick Lamar HUMBLE.
36%
Arctic Monkeys I Wanna Be Yours
36%
Major Lazer, MØ, DJ Snake Lean On
36%
French Montana, Swae Lee Unforgettable
36%
Avicii, Aloe Blacc Wake Me Up
36%
Mike Posner, Seeb I Took a Pill in Ibiza
33%
Dua Lipa New Rules
33%
Halsey Without Me
33%
Lewis Capaldi Before You Go
30%
Taylor Swift Cruel Summer
30%
Dua Lipa Don’t Start Now
30%
Travis Scott, Kendrick Lamar goosebumps
30%
James Arthur Say You Won’t Let Go
30%
Travis Scott, Drake SICKO MODE
30%
Ariana Grande thank u, next
30%
Bruno Mars That’s What I Like
30%
Charlie Puth Attention
27%
Sam Smith I’m Not the Only One
27%
Bruno Mars Locked out of Heaven
27%
Gotye, Kimbra Somebody That I Used to Know
27%
Lord Huron The Night We Met
27%
Post Malone Better Now
24%
Post Malone, Quavo Congratulations
24%
The Chainsmokers, Daya Don’t Let Me Down
24%
DJ Snake, Justin Bieber Let Me Love You
24%
Sam Smith Too Good At Goodbyes
24%
Bruno Mars When I Was Your Man
24%
Arctic Monkeys Do I Wanna Know?
21%
Alan Walker, Iselin Solheim Faded
21%
XXXTENTACION Jocelyn Flores
21%
XXXTENTACION Moonlight
21%
One Direction Night Changes
21%
The Weeknd Die for You
18%
Maroon 5 Memories
18%
Avicii, Nicholas Furlong The Nights
18%
J. Cole No Role Modelz
15%
Foster The People Pumped Up Kicks
15%
SAINt JHN, Imanbek Roses
15%
Shawn Mendes There’s Nothing Holdin’ Me Back
15%
Billie Eilish when the party’s over
15%
Lil Uzi Vert XO TOUR Llif3
12%
The Weeknd Call out My Name
9%
No matching quizzes found
Score Distribution
Percent of People with Each Score
Percentile by Number Answered
Your Score History
You have not taken this quiz